Music Quiz

Random Music or Bands Quiz

Five-Letter Bands and Musicians II Quiz Stats

 Plays Quiz Updated Oct 7, 2018

Score 0/20 Timer 04:00
7 Plays Today
Song Band or Musician % Correct
RoyalsLorde
83.4%
Hot in HerreNelly
66.5%
MilkshakeKelis
49.7%
One DanceDrake
38.2%
Somewhere Only We KnowKeane
37.9%
It's Oh So QuietBjörk
35.3%
RudeMagic!
33.1%
Word Up!Cameo
30%
MercyDuffy
29.4%
The Fox (What Does the Fox Say?)Ylvis
23.9%
Song Band or Musician % Correct
Bad and BoujeeMigos
23%
Buy U a Drank (Shawty Snappin')T-Pain
22.1%
1-800-273-8255Logic
22%
Dancing On My OwnRobyn
21.4%
Let Me Love YouMario
16.5%
Where Are Ü NowJack Ü
16%
Make It with YouBread
15.5%
To Be With YouMr. Big
15.4%
Boyz-n-the-HoodEazy-E
14.5%
He Loves U NotDream
7.3%

You're not logged in!

Compare scores with friends on all Sporcle quizzes.
OR
Log In

Sporcle TV

Today on Sporcle TV


Watch our educational content, quiz creation guides, and fun videos on Sporcle TV.

Show Comments

Extras

Top Quizzes Today


Score Distribution

Your Account Isn't Verified!

In order to create a playlist on Sporcle, you need to verify the email address you used during registration. Go to your Sporcle Settings to finish the process.

Report this User

Report this user for behavior that violates our Community Guidelines.

Details: